00372 a2200121 4500001000900000005001700009008004100026245004700067100002900114700001900143773007100162999001700233ART_586620260410161828.0260409a 10aFinanciamiento de la universidad pública1 aDi Gresia, Luciano Mario1 aPorto, Alberto0 tEstudios Económicosg- Vol. 24, Nº 49 (jul./dic. 2007)wREV5080 c22990d22990